Statistiken für Let´s Dance - Alle Promis

Klicken Sie hier um das Quiz zu spielen!

Allgemein

  • Dieses Quiz wurde 185 mal gespielt
  • Das Durchschnittsergebnis liegt bei 32 aus 196

Antwortstatistiken

StaffelProfiPromi% Korrekt
16Isabell EdvardssonJens Knossalla
74%
16Zsolt Sandor CsekeJulia Beautx
55%
13Christina LuftLuca Hänni
55%
16Mariia MaksinaMichael Kraus
52%
16Valentin LusinAnna Ermakova
50%
16Ekaterina LeonovaTimon Krause
50%
5Massimo SinatoRebecca Mir
49%
10Christian PolancVanessa Mai
41%
7Isabell EdvardssonAlexander Klaws
40%
16Patricija IonelPhilipp Boy
40%
9Robert BeitschSarah Lombardi
39%
12Christina LuftOliver Pocher
38%
15Massimo SinatoAmira Pocher
37%
4Christian PolancMaite Kelly
37%
11Ekaterina LeonovaIngolf Lück
36%
9Erich KlannVictoria Swarovski
36%
13Massimo SinatoLili Paul-Roncalli
35%
14Valentin LusinValentina Pahde
35%
12Ekaterina LeonovaPascal Hens
34%
15Kathrin MenzingerRene Casselly
34%
16Massimo SinatoSally Özcan
34%
14Malika DzumaevMickie Krause
33%
16Christian PolancSharon Battiste
33%
16Alexandru IonelAlex Mariah Peter
32%
14Renata LusinRurik Gislason
32%
3Christian BärensSylvie van der Vaart
31%
16Christina LuftAli Güngörmüs
30%
13Christian PolancLaura Müller
30%
15Evgeny VinokurovCheyenne Ochsenknecht
29%
10Oana NechitiFaisal Kawusi
29%
14Christina LuftJan Hofer
29%
11Renata LusinJimi Blue Ochsenknecht
29%
13Regina LucaJohn Kelly
29%
13Renata LusinMoritz Hans
29%
10Christina Luft / Marta ArndtGiovanni Zarrella
28%
16Kathrin MenzingerAbdelkarim
27%
10Andrzey CibisCheyenne Pahde
27%
10Ekaterina LeonovaGil Ofarim
27%
8Kathrin MenzingerHans Sarpei
27%
16Vadim GarbuzovChryssanthi Kavazi
25%
13Isabell EdvardssonAilton
24%
12Valentin LusinElla Endlich
24%
12Evgeny VinokurovEvelyn Burdecki
24%
15Zsolt Sandor CsekeJanin Ullmann
24%
12Regina LucaKerstin Ott
24%
7Erich KlannLilly Becker
24%
3Massimo SinatoSophia Thomalla
24%
1Isabell EdvardssonWayne Carpendale
24%
16Malika DzumaevYounes Zarou
24%
11Kathrin MenzingerHeiko Lochmann
23%
13Erich KlannIlka Bessin
23%
15Renata LusinMathias Mester
23%
11Katja KaluginaRoman Lochmann
23%
14Christian PolancLola Weippert
22%
6Ekaterina LeonovaPaul Janke
22%
14Andrzey CibisAuma Obama
21%
11Sergiu LucaBarbara Meier
21%
12Massimo SinatoBarbara Becker
20%
15Ekaterina LeonovaBastian Bielendorfer
20%
12Robert BeitschUlrike Frank
20%
8Erich KlannCora Schumacher
19%
9Oana NechitiEric Stehfest
19%
2Motsi MabuseGuildo Horn
19%
9Isabell EdvardssonMichael Wendler
19%
15Christina LuftMike Singer
18%
14Vadim GarbuzovNicolas Puschmann
18%
7Christian PolancCarmen Geiss
17%
14Kathrin MenzingerKai Ebel
17%
12Christian PolancNazan Eckes
17%
2Christian PolancSusan Sideropoulos
17%
9Massimo SinatoJana Pallaske
16%
8Ekaterina LeonovaMatthias Steiner
16%
7Katja KaluginaDirk Moritz
15%
14Evgeny VinokurovIlse de Lange
15%
11Erich KlannJudith Williams
15%
16Andrzey CibisNatalia Yegorova
15%
1Oliver SeefeldtWolke Hegenbarth
15%
10Massimo SinatoAngelina Kirsch
14%
8Paul LorenzKatja Burkard
14%
6Melissa Ortiz-GomezManuel Cortez
14%
15Christian PolancMichelle
14%
15Malika DzumaevTimur Ülker
14%
13Valentin LusinUlrike von der Groeben
14%
12Isabell EdvardssonBenjamin Piwko
13%
7Sarah LattonBernhard Brink
13%
8Marius IepureCathy Fischer
13%
8Otile MabuseDaniel Küblböck
13%
15Patricija IonelHardy Krüger junior
13%
8Massimo SinatoMinh-Khai Phan-Thi
13%
12Marta ArndtÖzcan Cosar
13%
12Erich KlannSabrina Mockenhaupt
13%
15Vadim GarbuzovSarah Mangione
13%
14Robert BeitschSenna Gammour
13%
14Patricija BelousovaSimon Zachenhuber
13%
13Robert BeitschSteffi Jones
13%
13Kathrin MenzingerTijan Njie
13%
5Erich KlannMagdalena Brzeska
12%
5Stefano TerrazzinoMandy Capristo
12%
10Isabell Edvardsson / Sarah LattonMaximilian Arland
12%
6Christian PolancSila Sahin
12%
8Regina MurtasinaThomas Drechsel
12%
14Alexandru IonelVanessa Neigert
12%
1Hendrik HöfkenHeide Simonis
11%
10Kathrin MenzingerHeinrich Popow
11%
11Christian PolancIris Mareike Steen
11%
9Ekaterina LeonovaJulius Brink
11%
8Christian PolancEnissa Amani
10%
11Robert BeitschJessica Paszka
10%
4Helena KaschurowJörn Schlönvoigt
10%
6Oana NechitiJürgen Milski
10%
7Massimo SinatoLarissa Marolt
10%
1Roberto AlbaneseSandy Mölling
10%
6Erich KlannSimone Ballack
10%
11Regina LucaThomas Hermanns
10%
9Kathrin MenzingerUlli Potofski
10%
10Sergiu LucaAnn-Kathrin Brömmel
9%
15Valentin LusinCaroline Bosbach
9%
14Marta ArndtErol Sander
9%
2Oliver SeefeldtKatja Ebstein
9%
4Erich KlannKristina Bach
9%
15Andrzey CibisLilly zu Sayn-Wittgenstein-Berleburg
9%
13Andrzey CibisLoiza Lamers
9%
13Marta ArndtMartin Klempnow
9%
8Oana NechitiRalf Bauer
9%
3Melissa Ortiz-GomezRaul Richter
9%
15Isabell EdvardssonRiccardo Basile
9%
4Sarah LattonThomas Karaoglan
9%
5Katja KaluginaArdian Bujupi
8%
9Oxana LebedewAttila Hildmann
8%
8Vadim GarbuzovBeatrice Richter
8%
7Marius IepureCindy Berger
8%
8Isabell EdvardssonDetlef Steves
8%
9Vadim GarbuzovFranziska Traub
8%
2Isabell EdvardssonGiovane Elber
8%
6Nikita BazevGülcan Kamps
8%
12Renata LusinJan Hartmann
8%
5Christian PolancJoana Zimmer
8%
11Massimo SinatoJulia Dietze
8%
14Pasha ZvychaynyyKim Riekenberg
8%
12Katja KaluginaLukas Rieger
8%
9Christian PolancNastassja Kinski
8%
5Melissa Ortiz-GomezPatrick Bach
8%
13Nikita KuzminSabrina Setlur
8%
5Sergiy PlyutaStefanie Hertel
8%
7Willi GabalierTanja Szewczenko
8%
9Regina LucaThomas Häßler
8%
12Kathrin MenzingerThomas Rath
8%
11Oana NechitiBela Klentze
7%
2Sascha KarabeyJenny Elvers-Elbertzhagen
7%
4Massimo SinatoLiliana Matthäus
7%
6Massimo SinatoManuela Wisbeck
7%
5Sarah LattonMarc Terenzi
7%
4Melissa Ortiz-GomezMoritz A. Sachs
7%
11Vadim GarbuzovTina Ruland
7%
9Sergiu LucaAlessandra Meyer-Wölden
6%
5Marta ArndtLars Riedel
6%
6Stefano TerrazzinoMarijke Amado
6%
8Sergiu LucaPanagiota Petridou
6%
3Motsi MabuseRolf Scheider
6%
9Ilia RussoSonja Kirchberger
6%
3Oliver TienkenBrigitte Nielsen
5%
11Valentin LusinCharlotte Würdig
5%
5Gennady BondarenkoGitte Haenning
5%
1Dirk BastertHeike Henkel
5%
1Uta DehardeJürgen Hingsen
5%
3Tatjana KuschillMathieu Carriere
5%
9Otile MabuseNiels Ruf
5%
3Roberto AlbaneseNina Bott
5%
5Isabell EdvardssonPatrick Lindner
5%
4Sergiy PlyutaRegina Halmich
5%
13Alona UehlinSükrü Pehlivan
5%
10Robert BeitschSusi Kentikian
5%
4Isabell EdvardssonTim Lobinger
5%
10Erich KlannAnni Friesinger-Posthma
4%
2Christine DeckBen Blümel
4%
11Marta ArndtEduardo Andres Lopez
4%
2Hendrik HöfkenJasmin Wagner
4%
10Marta ArndtJörg Draeger
4%
2Anastassyja KrawtschenkoMarkus Majowski
4%
3Sarah LattonAchim Mentzel
3%
7Oana NechitiAlexander Leipold
3%
4Stefano TerrazzinoAndrea Sawatzki
3%
3Nina UszkureitArthur Abraham
3%
1Anna Karina MosmannAxel Bulthaupt
3%
6Sarah LattonBalian Buschbaum
3%
4Nina UszkureitBernd Herzsprung
3%
10Vadim GarbuzovChiara Ohoven
3%
2Anna Karina MosmannEralp Uzun
3%
3Christian PolancHillu Schwetje
3%
1Sofia BogdanovaJochen Horst
3%
2Jürgen SchlegelMargarethe Schreinemakers
3%
8Cathrin HissnauerMilos Vukovic
3%
7Ekaterina LeonovaPatrice Bouedibela
3%
6Isabell EdvardssonTetje Mierendorf
3%
5Helena KaschurowUwe Fahrenkrog-Petersen
3%
10Sarah LattonBasitiaan Ragas
2%

Verteilung der Resultate

Perzentil nach korrekt beantworteten Fragen

Anzahl Personen mit jedem Resultat

Ihre Resultats-Entwicklung

Sie haben dieses Quiz noch nicht gespielt